[Event "40th Guernsey Open 2014"]
[Site "Vale GCI"]
[Date "2014.10.19"]
[Round "1.29"]
[White "Gravett, Alan D"]
[Black "Prins, Jan"]
[Result "1/2-1/2"]
[WhiteElo "1871"]
[BlackElo "2049"]
[WhiteFideId "406171"]
[BlackFideId "1017179"]
[EventDate "2014.10.19"]
[EventType "swiss"]

1. Nf3 d5 2. g3 Bf5 3. Bg2 e6 4. d3 Nf6 5. O-O Be7 6. Nbd2 O-O 7. h3 Nbd7 8. Re1
Bg6 9. e4 dxe4 10. dxe4 Nc5 11. Ne5 Qd4 12. Nxg6 hxg6 13. e5 Nd5 14. Nf3 Qxd1
15. Rxd1 Rad8 16. Bg5 f6 17. exf6 gxf6 18. c4 Nb4 19. Bh6 Rfe8 20. h4 Nbd3 21.
b3 a5 22. Be3 e5 23. Ne1 Nxe1 24. Rxe1 c6 25. Red1 Kf7 26. Rd2 a4 27. bxa4 Rxd2
28. Bxd2 Rd8 29. Be3 Nxa4 30. Rb1 Rd7 31. Bh3 f5 32. h5 Nc3 33. Rb2 b5 34. hxg6+
Kxg6 35. Bg2 e4 36. cxb5 cxb5 37. Bf1 b4 38. Bc4 Nd5 39. Rd2 Nb6 40. Rxd7 Nxd7
41. Kf1 Bc5 42. Be6 Bxe3 43. Bxd7 Bc5 44. Be6 e3 45. fxe3 Bxe3 46. Ke2 Bc5 47.
Kf3 Kf6 48. Bb3 Kg5 1/2-1/2

[Event "40th Guernsey Open 2014"]
[Site "Vale GCI"]
[Date "2014.10.19"]
[Round "1.30"]
[White "Kirkwood, Robin"]
[Black "Karcher, Berthold"]
[Result "1/2-1/2"]
[WhiteElo "2046"]
[BlackElo "1861"]
[WhiteFideId "1800990"]
[BlackFideId "24669687"]
[EventDate "2014.10.19"]
[EventType "swiss"]

1. Nf3 Nf6 2. b3 g6 3. Bb2 Bg7 4. c4 c6 5. e3 d5 6. Be2 O-O 7. O-O Nbd7 8. d4 a6
9. Nc3 e6 10. Qc2 b5 11. c5 Qc7 12. b4 Re8 13. a4 Bb7 14. Bd3 e5 15. dxe5 Ng4
16. Ne2 Ngxe5 17. Nxe5 Nxe5 18. Nd4 Nxd3 19. Qxd3 Qe5 20. axb5 axb5 21. Rxa8
Rxa8 22. Ra1 1/2-1/2

[Event "40th Guernsey Open 2014"]
[Site "Vale GCI"]
[Date "2014.10.19"]
[Round "1.31"]
[White "Murray, J Stephen"]
[Black "Collier, David O"]
[Result "0-1"]
[WhiteElo "1847"]
[BlackElo "2043"]
[WhiteFideId "2401495"]
[BlackFideId "406422"]
[EventDate "2014.10.19"]
[EventType "swiss"]

1. e4 c5 2. Nf3 e6 3. Nc3 a6 4. g3 Nc6 5. Bg2 d6 6. O-O Nf6 7. d3 Be7 8. Be3 O-O
9. Qd2 Qc7 10. Ne1 Rd8 11. f4 d5 12. exd5 exd5 13. Bf2 b5 14. a3 Bf5 15. Nf3 d4
16. Ne2 Rac8 17. Rae1 Bd6 18. Nc1 Re8 19. Rxe8+ Rxe8 20. Re1 Qd7 21. Nb3 Ng4 22.
Rxe8+ Qxe8 23. Kf1 Kf8 24. Qe2 h6 25. Qxe8+ Kxe8 26. h3 Nf6 27. g4 Be6 28. Ne5
Nd8 29. Nd2 Nd5 30. Ne4 Ke7 31. Nxd6 Kxd6 32. Bxd5 Kxd5 33. Ke2 g5 34. fxg5 hxg5
35. Nf3 f6 36. Nd2 f5 37. Kf3 Nf7 38. Bg3 fxg4+ 39. hxg4 Nh6 40. Ne4 Bxg4+ 41.
Kf2 Bd1 42. c3 g4 43. Bf4 Nf5 44. Ng3 Ne7 45. Ne4 Nc8 46. Kg3 Be2 47. Nf6+ Ke6
48. Nxg4 Bxd3 49. Ne5 Be4 50. cxd4 cxd4 51. Nf3 Kd5 52. Nd2 Nb6 53. Kf2 Nd7 54.
Ke2 Nc5 55. Bh6 Na4 56. b3 Nc3+ 57. Ke1 Bc2 58. Bf8 Ne4 59. b4 Nf6 0-1

[Event "40th Guernsey Open 2014"]
[Site "Vale GCI"]
[Date "2014.10.19"]
[Round "1.32"]
[White "Van den Boogaart, Jan Maarten"]
[Black "Dennis, Nigel W"]
[Result "1-0"]
[WhiteElo "2041"]
[BlackElo "1826"]
[WhiteFideId "1044559"]
[BlackFideId "408913"]
[EventDate "2014.10.19"]
[EventType "swiss"]

1. d4 Nf6 2. c4 g6 3. Nc3 Bg7 4. e4 d6 5. Nf3 O-O 6. Be2 e5 7. O-O Nc6 8. d5 Ne7
9. b4 Ne8 10. Nd2 f5 11. f3 Nf6 12. c5 f4 13. Nc4 a6 14. a4 g5 15. Ba3 h5 16. b5
axb5 17. cxd6 cxd6 18. Nxb5 Ne8 19. Nbxd6 Nxd6 20. Bxd6 Re8 21. a5 Ng6 22. Bc5
Bf8 23. Bxf8 Rxf8 24. Qb3 g4 25. Nb6 Rb8 26. d6+ Kh7 27. d7 Bxd7 28. Rfd1 Kh6
29. Nxd7 1-0

[Event "40th Guernsey Open 2014"]
[Site "Vale GCI"]
[Date "2014.10.19"]
[Round "1.34"]
[White "Riedener, Toni"]
[Black "Van Veen, Wout"]
[Result "1/2-1/2"]
[WhiteElo "2039"]
[BlackElo "1835"]
[WhiteFideId "1302698"]
[BlackFideId "1022750"]
[EventDate "2014.10.19"]
[EventType "swiss"]

1. d4 d5 2. c4 e6 3. Nc3 c5 4. cxd5 cxd4 5. Qxd4 Nc6 6. Qd1 exd5 7. e3 d4 8.
exd4 Qxd4 9. Be3 Qxd1+ 10. Rxd1 Bb4 11. Bb5 Ne7 12. Ne2 a6 13. Ba4 O-O 14. O-O
Bf5 15. a3 Ba5 16. b4 Bc7 17. Bf4 Bxf4 18. Nxf4 b5 19. Bb3 Rfd8 20. Ncd5 Rac8
21. Rfe1 Kf8 22. h3 Ng6 23. Nxg6+ hxg6 24. Ne3 Nd4 25. Nxf5 1/2-1/2

[Event "40th Guernsey Open 2014"]
[Site "Vale GCI"]
[Date "2014.10.19"]
[Round "1.36"]
[White "De Boer, Albert"]
[Black "Reutimann, Hans Peter"]
[Result "1/2-1/2"]
[WhiteElo "2017"]
[BlackElo "1817"]
[WhiteFideId "1007530"]
[BlackFideId "1313886"]
[EventDate "2014.10.19"]
[EventType "swiss"]

1. b3 d5 2. Bb2 Bf5 3. e3 e6 4. g4 Bg6 5. h4 h6 6. d3 Nf6 7. Bh3 Nc6 8. Nd2 Qd6
9. a3 O-O-O 10. f4 Kb8 11. Ngf3 Qc5 12. Nf1 Bd6 13. Qd2 Rhe8 14. Ng3 e5 15. fxe5
Bxe5 16. Nxe5 Nxe5 17. Bxe5 d4 18. Bxf6 Rxe3+ 19. Ne2 Rde8 20. Bf1 gxf6 21.
O-O-O Rxd3 22. Qxd3 Bxd3 23. Rxd3 Qxa3+ 24. Kd2 c5 25. Bg2 Qa5+ 26. Kd1 b5 27.
Rf1 Qa1+ 28. Kd2 Qa5+ 29. Kd1 Qa1+ 30. Kd2 1/2-1/2

[Event "40th Guernsey Open 2014"]
[Site "Vale GCI"]
[Date "2014.10.19"]
[Round "1.37"]
[White "Grieve, Harry"]
[Black "Twitchell, David J"]
[Result "1-0"]
[WhiteElo "1738"]
[BlackElo "2009"]
[WhiteFideId "426520"]
[BlackFideId "414255"]
[EventDate "2014.10.19"]
[EventType "swiss"]

1. e4 e5 2. Nf3 Nc6 3. Bc4 Nf6 4. d3 Be7 5. c3 O-O 6. Nbd2 d5 7. Bb5 Qd6 8. Qe2
dxe4 9. dxe4 Bg4 10. Bxc6 Qxc6 11. Nxe5 Bxe2 12. Nxc6 bxc6 13. Kxe2 Bd6 14. f3
Rfe8 15. Nc4 Rab8 16. Be3 Nd7 17. Rhd1 Ne5 18. Nxe5 Bxe5 19. Rd2 Bxh2 20. Bxa7
Ra8 21. Bc5 f5 22. Rd4 Be5 23. Rd7 Rab8 24. Rb1 fxe4 25. fxe4 Bxc3 26. Rxc7
Rxb2+ 27. Rxb2 Bxb2 28. Kd3 Ra8 29. Ra7 Rd8+ 30. Kc4 Rd2 31. a4 Rxg2 32. Kb3 Be5
33. a5 Rb2+ 34. Ka3 Rb8 35. a6 Rb5 36. Ra8+ Kf7 37. Rf8+ Kg6 38. a7 Bd6 39. a8=Q
Bxc5+ 40. Ka2 1-0

[Event "40th Guernsey Open 2014"]
[Site "Vale GCI"]
[Date "2014.10.20"]
[Round "2.1"]
[White "Hansen, Eric"]
[Black "Rosen, Daniel B"]
[Result "1-0"]
[WhiteTitle "GM"]
[BlackTitle "CM"]
[WhiteElo "2574"]
[BlackElo "2068"]
[WhiteFideId "2606771"]
[BlackFideId "405418"]
[EventDate "2014.10.19"]
[EventType "swiss"]

1. c4 e5 2. Nc3 d6 3. g3 Nc6 4. Nf3 f5 5. d4 Be7 6. d5 Nb8 7. e4 Nf6 8. exf5
Bxf5 9. Bd3 Bg4 10. h3 Bd7 11. g4 g6 12. Bh6 Kf7 13. Ng5+ Kg8 14. Qd2 Na6 15.
O-O-O Nc5 16. Bc2 a5 17. f4 exf4 18. Qxf4 Bf8 19. Bxf8 Qxf8 20. Rhf1 Kg7 21.
Rde1 Re8 22. Rxe8 Bxe8 23. Qd4 Qe7 24. Nge4 Nxe4 25. Nxe4 Rf8 26. g5 1-0

[Event "40th Guernsey Open 2014"]
[Site "Vale GCI"]
[Date "2014.10.20"]
[Round "2.2"]
[White "Wager, John D"]
[Black "Hillarp Persson, Tiger"]
[Result "0-1"]
[BlackTitle "GM"]
[WhiteElo "2088"]
[BlackElo "2555"]
[WhiteFideId "420204"]
[BlackFideId "1700812"]
[EventDate "2014.10.19"]
[EventType "swiss"]

1. d4 g6 2. Nf3 Bg7 3. e3 Nf6 4. Bd3 O-O 5. Nbd2 d6 6. b3 c5 7. Bb2 cxd4 8. exd4
Nc6 9. O-O Qc7 10. c4 Nh5 11. Qb1 e5 12. dxe5 dxe5 13. Be4 Nf4 14. Re1 f6 15. g3
Nh3+ 16. Kg2 Bg4 17. a3 f5 18. Bd5+ Kh8 19. b4 e4 20. Bxc6 bxc6 21. Ng1 Nxg1 22.
Kxg1 Rad8 23. Nf1 Rd3 24. b5 Bf3 25. Bxg7+ Kxg7 26. Re3 Rd7 27. c5 f4 28. Rb3
cxb5 29. Rxb5 e3 30. fxe3 fxg3 31. Qb2+ Kg8 32. hxg3 Ba8 33. Rb1 Rdf7 34. Qh2
Qd7 35. R5b3 Rxf1+ 0-1

[Event "40th Guernsey Open 2014"]
[Site "Vale GCI"]
[Date "2014.10.20"]
[Round "2.3"]
[White "Hambleton, Aman"]
[Black "Maloberti, David"]
[Result "1-0"]
[WhiteTitle "IM"]
[WhiteElo "2456"]
[BlackElo "2063"]
[WhiteFideId "2606577"]
[BlackFideId "620149"]
[EventDate "2014.10.19"]
[EventType "swiss"]

1. d4 Nf6 2. c4 g6 3. Nc3 Bg7 4. e4 d6 5. f3 O-O 6. Be3 e5 7. Nge2 Nc6 8. d5 Ne7
9. Qd2 c6 10. g4 cxd5 11. cxd5 Ne8 12. O-O-O f5 13. g5 f4 14. Bf2 Bd7 15. Kb1
Rf7 16. Nc1 Bf8 17. b4 Nc8 18. h4 Ng7 19. Nb3 Nb6 20. Na5 Rb8 21. Rc1 Nh5 22.
Bd3 a6 23. Bc2 Be8 24. Bb3 h6 25. gxh6 Bxh6 26. Rhg1 Kh7 27. Rg2 Rc8 28. Rcg1
Rg7 29. Kb2 Qc7 30. Rc1 Qd8 31. Qe1 Na8 32. Ne2 Rgc7 33. Rxc7+ Qxc7 34. Qd2 b6
35. Nc6 Bxc6 36. dxc6 Qxc6 37. Rg1 Qd7 38. Nc3 Nf6 39. Nd5 Nxd5 40. Qxd5 Bg7 41.
Qf7 Qxf7 42. Bxf7 b5 43. Bxg6+ Kg8 44. Bf5 Rc6 45. Be6+ Kh7 46. h5 Nc7 47. Bf5+
Kh8 48. Rg6 Bf8 49. Bh4 1-0

[Event "40th Guernsey Open 2014"]
[Site "Vale GCI"]
[Date "2014.10.20"]
[Round "2.4"]
[White "Lochte, Thomas"]
[Black "Tjiam, Dharma"]
[Result "0-1"]
[BlackTitle "IM"]
[WhiteElo "2071"]
[BlackElo "2386"]
[WhiteFideId "4606272"]
[BlackFideId "1001493"]
[EventDate "2014.10.19"]
[EventType "swiss"]

1. e4 d6 2. d4 Nf6 3. Nc3 g6 4. Be2 Bg7 5. g4 d5 6. e5 Ne4 7. h4 c5 8. h5 cxd4
9. Qxd4 Nc6 10. Qxd5 Nxc3 11. Qxd8+ Nxd8 12. bxc3 Bxe5 13. Bd2 O-O 14. Nf3 Bg7
15. hxg6 hxg6 16. Ng5 Ne6 17. O-O-O Nxg5 18. Bxg5 Be6 19. Bh6 Rac8 20. Bxg7 Kxg7
21. Rh3 Rh8 22. Rxh8 Rxh8 23. f3 Rc8 24. Kb2 g5 25. Rd4 Rc7 26. Bd3 Kf6 27. Be4
Ke5 28. Rb4 b6 29. Rd4 Rc4 30. Rd1 Kf4 31. Rd3 Rc7 32. Rd4 Kg3 33. Rd3 Bc4 34.
Rd8 Kf4 35. Rd4 Ke3 36. Bd3 Be6 37. Be4 Rd7 38. Rb4 Rc7 39. Rd4 Bc8 40. Ba8 Bb7
41. Bxb7 Rxb7 42. Rd3+ Kf4 43. Kc1 e5 44. Kd2 Re7 45. Ke2 e4 46. Rd4 Kg3 47.
fxe4 Kxg4 48. Kd3 f5 49. exf5+ Kxf5 50. c4 g4 51. Rd5+ Kf4 52. c5 g3 53. Rd4+
Kf5 54. c6 g2 55. Rd8 Rg7 0-1

[Event "40th Guernsey Open 2014"]
[Site "Vale GCI"]
[Date "2014.10.20"]
[Round "2.5"]
[White "De Haan, Eric"]
[Black "Havenaar, Jan"]
[Result "1/2-1/2"]
[WhiteTitle "FM"]
[WhiteElo "2282"]
[BlackElo "2050"]
[WhiteFideId "1005006"]
[BlackFideId "1005081"]
[EventDate "2014.10.19"]
[EventType "swiss"]

1. d4 Nf6 2. c4 Nc6 3. Nc3 e5 4. d5 Ne7 5. h4 Neg8 6. e3 Bb4 7. Bd2 a5 8. a3
Bxc3 9. Bxc3 d6 10. c5 Ne7 11. e4 O-O 12. f3 Nd7 13. cxd6 cxd6 14. g4 Ng6 15.
Qc2 h6 16. O-O-O Nc5 17. Bb5 Bd7 18. Bxd7 Qxd7 19. Ne2 Rfc8 20. h5 Nf4 21. Nxf4
exf4 22. g5 Na4 23. gxh6 Nxc3 24. bxc3 gxh6 25. Rhg1+ Kh8 26. Qd2 Kh7 27. Qd4
Rg8 28. Qf6 Rac8 29. Kd2 Qc7 30. Qf5+ Kh8 31. Qf6+ Kh7 32. Qf5+ Kh8 33. Qf6+ 1/2-1/2

[Event "40th Guernsey Open 2014"]
[Site "Vale GCI"]
[Date "2014.10.20"]
[Round "2.6"]
[White "Collier, David O"]
[Black "Wustefeld, Carl"]
[Result "0-1"]
[WhiteElo "2043"]
[BlackElo "2256"]
[WhiteFideId "406422"]
[BlackFideId "1006347"]
[EventDate "2014.10.19"]
[EventType "swiss"]

1. d4 g6 2. e4 Bg7 3. Nf3 d6 4. Bc4 Nf6 5. Qe2 O-O 6. O-O c6 7. Bb3 a5 8. a3 Qc7
9. e5 Nd5 10. c4 Nb6 11. Bf4 dxe5 12. Bxe5 Bxe5 13. Nxe5 N8d7 14. Nxd7 Qxd7 15.
Nc3 Qxd4 16. Qxe7 Nd7 17. Rad1 Qb6 18. Ne4 Qxb3 19. Rxd7 Bxd7 20. Nf6+ Kg7 21.
Nh5+ Kh6 22. f4 Qb6+ 23. Kh1 Qd8 0-1

[Event "40th Guernsey Open 2014"]
[Site "Vale GCI"]
[Date "2014.10.20"]
[Round "2.7"]
[White "Norman, Kenneth I"]
[Black "Van den Boogaart, Jan Maarten"]
[Result "1/2-1/2"]
[WhiteTitle "CM"]
[WhiteElo "2153"]
[BlackElo "2041"]
[WhiteFideId "402419"]
[BlackFideId "1044559"]
[EventDate "2014.10.19"]
[EventType "swiss"]

1. Nf3 Nf6 2. g3 d5 3. Bg2 c6 4. O-O Bg4 5. d3 Nbd7 6. Nbd2 e6 7. b3 Bd6 8. Bb2
O-O 9. Qe1 Re8 10. e4 e5 11. h3 Bh5 12. Nh4 Bg6 13. Nxg6 hxg6 14. Qe2 Qa5 15. a3
b5 16. c4 bxc4 17. dxc4 Qa6 18. Qd1 d4 19. b4 c5 20. b5 Qc8 21. a4 Bc7 22. a5
Re7 23. Nb3 Ne8 24. Qc2 Nd6 25. Ba3 Bd8 26. f4 Rb8 27. fxe5 Nxe5 28. Bxc5 Nexc4
29. Bxd6 Nxd6 30. Qxc8 Rxc8 31. Nxd4 Rc5 32. Nc6 Re8 33. Rad1 Bc7 34. Nxa7 Nxb5
35. Nxb5 Rxb5 36. a6 Ra5 37. Ra1 Ra8 38. Rxa5 Bxa5 39. Ra1 Rxa6 40. Kf1 1/2-1/2

[Event "40th Guernsey Open 2014"]
[Site "Vale GCI"]
[Date "2014.10.20"]
[Round "2.8"]
[White "Goris, Ton"]
[Black "Jackson, Oliver A"]
[Result "1/2-1/2"]
[BlackTitle "FM"]
[WhiteElo "2039"]
[BlackElo "2142"]
[WhiteFideId "1003526"]
[BlackFideId "403156"]
[EventDate "2014.10.19"]
[EventType "swiss"]

1. e4 c5 2. Nf3 e6 3. c3 Nf6 4. e5 Nd5 5. d4 cxd4 6. cxd4 Bb4+ 7. Bd2 Bxd2+ 8.
Qxd2 O-O 9. Bc4 b6 10. Bxd5 exd5 11. O-O d6 12. Nc3 Be6 13. Rac1 a6 14. Rfe1 Nc6
15. a3 Na5 16. Qf4 Nc4 17. Re2 Rc8 18. exd6 h6 19. h4 Nxd6 20. g3 b5 21. Ne5 Qb6
22. Nd3 Nf5 23. Nxd5 Rxc1+ 24. Nxc1 Bxd5 25. Qxf5 Qxd4 26. Qd3 Rc8 27. Rc2 Rxc2
28. Qxc2 Bb7 29. Kf1 f5 30. Ne2 Qd5 31. Nf4 Qh1+ 32. Ke2 Qf3+ 33. Ke1 g5 34.
hxg5 hxg5 35. Nd3 Qh1+ 1/2-1/2

[Event "40th Guernsey Open 2014"]
[Site "Vale GCI"]
[Date "2014.10.20"]
[Round "2.9"]
[White "Dilleigh, Stephen P"]
[Black "Dijksterhuis, Rolf"]
[Result "1/2-1/2"]
[WhiteElo "2128"]
[BlackElo "1971"]
[WhiteFideId "408379"]
[BlackFideId "1006452"]
[EventDate "2014.10.19"]
[EventType "swiss"]

1. Nf3 d5 2. d4 Nf6 3. c4 c6 4. Nc3 e6 5. e3 Nbd7 6. Bd3 dxc4 7. Bxc4 b5 8. Bd3
a6 9. a4 b4 10. Ne4 c5 11. O-O Bb7 12. Ned2 Be7 13. Qe2 O-O 14. a5 Qc7 15. Nc4
Ne4 16. Nfd2 f5 17. f3 Nxd2 18. Bxd2 e5 19. dxe5 Nxe5 20. Nxe5 Qxe5 21. Bc4+ Kh8
22. b3 Rf6 23. Rad1 Qc7 24. Bc1 Rd6 25. Bb2 Qxa5 26. Rxd6 Bxd6 27. Qd3 Qc7 28.
Qxf5 Qe7 29. e4 Rd8 30. e5 Bc7 31. Qf7 Qxf7 1/2-1/2

[Event "40th Guernsey Open 2014"]
[Site "Vale GCI"]
[Date "2014.10.20"]
[Round "2.10"]
[White "Hallerod, Ralph"]
[Black "Grieve, Harry"]
[Result "1-0"]
[WhiteElo "2115"]
[BlackElo "1738"]
[WhiteFideId "1705644"]
[BlackFideId "426520"]
[EventDate "2014.10.19"]
[EventType "swiss"]

1. d4 Nf6 2. c4 e6 3. Nf3 d5 4. Nc3 Bb4 5. Bg5 Nbd7 6. cxd5 Bxc3+ 7. bxc3 exd5
8. e3 O-O 9. Bd3 h6 10. Bh4 c5 11. O-O Qa5 12. Qc2 c4 13. Be2 Ne4 14. Rfc1 f5
15. Nd2 Ndf6 16. f3 Nxd2 17. Qxd2 Bd7 18. Bg3 Rfe8 19. Be5 Qa6 20. Bf1 Ba4 21.
g3 Kh7 22. Bh3 g6 23. Re1 Nd7 24. Bf4 Nf6 25. Rab1 Re7 26. Re2 Rae8 27. Rbe1 b5
28. e4 dxe4 29. Bxh6 Qd6 30. Bf4 Qd5 31. Bg5 Re6 32. Bxf6 Rxf6 33. fxe4 fxe4 34.
Bg2 Rfe6 35. Qf4 Qf5 36. Qh4+ Qh5 37. Qxh5+ gxh5 38. Rxe4 Rxe4 39. Rxe4 Rxe4 40.
Bxe4+ Kg7 41. Kf2 Kf6 42. a3 a5 43. Ke2 Kg5 44. Bd5 h4 45. gxh4+ Kxh4 46. Be6
Kg5 47. Kd2 1-0

[Event "40th Guernsey Open 2014"]
[Site "Vale GCI"]
[Date "2014.10.20"]
[Round "2.11"]
[White "Mack, Wolfgang"]
[Black "Shaw, Meyrick"]
[Result "1-0"]
[WhiteTitle "FM"]
[WhiteElo "2219"]
[BlackElo "1964"]
[WhiteFideId "4685458"]
[BlackFideId "430803"]
[EventDate "2014.10.19"]
[EventType "swiss"]

1. g3 Nf6 2. Bg2 d5 3. c4 c6 4. Nf3 Bf5 5. Qa4 Nbd7 6. cxd5 Nxd5 7. d3 e5 8. O-O
Be7 9. Bd2 O-O 10. Nc3 Re8 11. Qc2 N5b6 12. Rfd1 Nc4 13. Be1 Nd6 14. e4 Bg6 15.
d4 exd4 16. Rxd4 Qb6 17. Rad1 Nc5 18. Ne5 Bf6 19. Nxg6 Bxd4 20. Rxd4 Ncxe4 21.
Rxe4 Nxe4 22. Nxe4 hxg6 23. Bd2 Rad8 24. Be3 Qa5 25. Nc3 Qh5 26. Be4 Re6 27. Kg2
Rde8 28. Bf3 Qf5 29. Qxf5 gxf5 30. Bxa7 g5 31. h3 Kg7 32. Be3 Kg6 33. Bb6 Re1
34. a4 Rh8 35. a5 Ra1 36. b4 Re8 37. Nd1 Rb1 38. Bc5 Rd8 39. Ne3 Rc1 40. g4 fxg4
41. hxg4 Rd2 42. Nf5 Ra2 43. Bd4 Re1 44. Nd6 Rd2 45. Bc3 Rxd6 46. Bxe1 Rd4 47.
Kf1 f5 48. gxf5+ Kxf5 49. b5 cxb5 50. Bxb7 b4 51. a6 b3 52. Bc3 Ra4 53. Ke2 b2
54. Bxb2 Ra2 55. Kf3 Rxb2 56. Be4+ Ke5 57. a7 Rb3+ 58. Kg4 1-0

[Event "40th Guernsey Open 2014"]
[Site "Vale GCI"]
[Date "2014.10.20"]
[Round "2.12"]
[White "Da Ces, Philippe"]
[Black "Broek, Thomas"]
[Result "1-0"]
[WhiteElo "1969"]
[BlackElo "2201"]
[WhiteFideId "202665"]
[BlackFideId "1005731"]
[EventDate "2014.10.19"]
[EventType "swiss"]

1. d4 Nf6 2. Nf3 g6 3. Bg5 Bg7 4. Nbd2 c5 5. c3 cxd4 6. cxd4 d5 7. e3 Ne4 8. Bf4
Bf5 9. Be2 Nc6 10. O-O O-O 11. Rc1 Qb6 12. Nxe4 dxe4 13. Nd2 Qd8 14. g4 Be6 15.
Nxe4 Bxa2 16. b3 e5 17. dxe5 Nxe5 18. Qc2 Qd5 19. Nc3 Nf3+ 20. Bxf3 Qxf3 21.
Nxa2 Qxg4+ 22. Kh1 Qf3+ 23. Kg1 Qg4+ 24. Bg3 Rfd8 25. Rfd1 Rac8 26. Rxd8+ Rxd8
27. Qc4 Qf3 28. Nc3 h5 29. Qe4 Qxe4 30. Nxe4 b6 31. Rc7 f5 32. Ng5 Bf6 33. Bf4
Rd3 34. Rxa7 Rxb3 35. Rb7 Rb4 36. Nf3 h4 37. Be5 h3 38. Kf1 Bxe5 39. Nxe5 Rb1+
40. Ke2 g5 41. Kf3 Rg1 42. Rxb6 Rg2 43. Ke2 Rxh2 44. Rg6+ Kh7 45. Rxg5 Kh6 46.
Nf3 Rh1 47. Rxf5 h2 48. Nxh2 Rxh2 49. Kf3 Kg6 50. Rf4 Kg5 51. Kg3 Rh1 52. Ra4
Rg1+ 53. Kf3 Rf1 54. Ra7 Kf6 55. Kg3 Rg1+ 56. Kf4 Rf1 57. Ra6+ Ke7 58. f3 Re1
59. e4 Rf1 60. Kg4 Kf7 61. f4 Rg1+ 62. Kf5 Rh1 63. Ra7+ Ke8 64. Ke5 Rb1 65. Kf5
Rb4 66. e5 Kf8 67. Kg5 Re4 68. Kf5 Rb4 69. e6 Rb8 70. Kf6 Kg8 71. f5 Rc8 72.
Rg7+ Kh8 73. e7 Rb8 74. Rg1 1-0

[Event "40th Guernsey Open 2014"]
[Site "Vale GCI"]
[Date "2014.10.20"]
[Round "2.13"]
[White "Spanton, Tim R"]
[Black "Hess, Christian1"]
[Result "0-1"]
[BlackTitle "FM"]
[WhiteElo "1975"]
[BlackElo "2185"]
[WhiteFideId "404802"]
[BlackFideId "4605969"]
[EventDate "2014.10.19"]
[EventType "swiss"]

1. d4 d5 2. Nc3 c6 3. Nf3 Nf6 4. Bg5 Ne4 5. Nxe4 dxe4 6. Ne5 f6 7. Bf4 fxe5 8.
Bxe5 Nd7 9. Bf4 Qb6 10. Rb1 Qa5+ 11. c3 Qxa2 12. e3 Nf6 13. Be2 Be6 14. O-O Qb3
15. Qd2 g6 16. Bd1 Qb6 17. Bc2 Bg7 18. f3 exf3 19. e4 fxg2 20. Qxg2 O-O 21. Kh1
Nh5 22. Bg5 Rxf1+ 23. Rxf1 Rf8 24. Rxf8+ Bxf8 25. Bd1 Nf6 26. e5 Bd5 27. Bf3
Bxf3 28. Qxf3 Nd5 29. c4 Nc7 30. d5 cxd5 31. cxd5 Qd4 32. e6 Qxd5 0-1

[Event "40th Guernsey Open 2014"]
[Site "Vale GCI"]
[Date "2014.10.20"]
[Round "2.14"]
[White "Gieben, Stijn"]
[Black "Campbell, Ian"]
[Result "0-1"]
[WhiteElo "2157"]
[BlackElo "1980"]
[WhiteFideId "1034170"]
[BlackFideId "415219"]
[EventDate "2014.10.19"]
[EventType "swiss"]

1. e4 g6 2. d4 Bg7 3. Nc3 d6 4. f4 e6 5. Nf3 Ne7 6. Bd3 Nd7 7. O-O b6 8. Kh1 Bb7
9. f5 exf5 10. exf5 Nf6 11. Bg5 Qd7 12. Bb5 c6 13. Bxf6 Bxf6 14. Ne4 Ng8 15.
Nxf6+ Nxf6 16. Bd3 O-O-O 17. c4 Ng4 18. Qd2 Rde8 19. Rae1 Rxe1 20. Rxe1 c5 21.
d5 Re8 22. h3 Rxe1+ 23. Qxe1 Nf6 24. b3 Kc7 25. g4 a6 26. Kh2 Bc8 27. Qe3 Kd8
28. Nh4 Qe7 29. Ng2 gxf5 30. gxf5 Qxe3 31. Nxe3 Ke7 32. Kg3 Ng8 33. f6+ Nxf6 34.
Bf5 Bd7 35. Bxd7 Kxd7 36. Nf5 b5 37. Kf4 b4 38. h4 a5 39. Kg5 Ne4+ 40. Kh6 Nc3
41. Kxh7 Nxa2 42. h5 a4 43. Ne3 Nc3 44. Nf1 axb3 45. Nd2 b2 46. Kg8 Ne4 47. Nb1
Ke7 48. h6 f5 49. Kg7 Nf6 0-1

[Event "40th Guernsey Open 2014"]
[Site "Vale GCI"]
[Date "2014.10.20"]
[Round "2.15"]
[White "Johnsen, Gunnar"]
[Black "Bakker, Joop"]
[Result "1-0"]
[WhiteElo "2140"]
[BlackElo "1951"]
[WhiteFideId "1500511"]
[BlackFideId "1012100"]
[EventDate "2014.10.19"]
[EventType "swiss"]

1. d4 d5 2. c4 Nc6 3. Nc3 Nf6 4. Nf3 dxc4 5. e4 Bg4 6. Bxc4 Bxf3 7. gxf3 Qxd4 8.
Qb3 Ne5 9. Bb5+ c6 10. Be2 O-O-O 11. Be3 Nd3+ 12. Bxd3 Qxd3 13. Rd1 Qa6 14.
Rxd8+ Kxd8 15. Qxf7 e5 16. Kd2 Bb4 17. Qxg7 Bxc3+ 18. Kxc3 Nxe4+ 19. fxe4 Qa5+
20. Kc2 Qa4+ 21. b3 Qxa2+ 22. Kc3 1-0

[Event "40th Guernsey Open 2014"]
[Site "Vale GCI"]
[Date "2014.10.20"]
[Round "2.17"]
[White "Rowe, Peter"]
[Black "Reijneveld, Ad"]
[Result "1/2-1/2"]
[WhiteTitle "CM"]
[WhiteElo "1962"]
[BlackElo "2120"]
[WhiteFideId "10700099"]
[BlackFideId "1010654"]
[EventDate "2014.10.19"]
[EventType "swiss"]

1. d4 Nf6 2. Bf4 d6 3. Nf3 g6 4. e3 Bg7 5. h3 O-O 6. Be2 Nbd7 7. O-O Re8 8. Bh2
c6 9. c4 Qb6 10. Qc2 e5 11. Nc3 h6 12. c5 dxc5 13. Na4 Qa5 14. Nxc5 Nxc5 15.
dxc5 Bf5 16. Qc4 Be6 17. Qc2 Bf5 18. Qc4 Be6 19. Qc2 1/2-1/2

[Event "40th Guernsey Open 2014"]
[Site "Vale GCI"]
[Date "2014.10.20"]
[Round "2.18"]
[White "De Kruif, Kees"]
[Black "Hamperl, Fred"]
[Result "1/2-1/2"]
[BlackTitle "FM"]
[WhiteElo "1927"]
[BlackElo "2114"]
[WhiteFideId "1006479"]
[BlackFideId "10700110"]
[EventDate "2014.10.19"]
[EventType "swiss"]

1. c4 e5 2. g3 Nc6 3. Bg2 g6 4. d3 Bg7 5. e4 d6 6. Ne2 f5 7. O-O Nf6 8. Nbc3 O-O
9. a3 fxe4 10. dxe4 Be6 11. b3 Qd7 12. Ra2 Rf7 13. Nd5 Raf8 14. Nxf6+ Bxf6 15.
Bh6 Bg7 16. Bxg7 Kxg7 17. Rd2 Bg4 18. Qa1 Kg8 19. Qc3 Bxe2 20. Rxe2 Nd4 21. Rd2
Rf6 22. f4 Qg4 23. Rxd4 exd4 24. Qxd4 b6 25. e5 dxe5 26. Bd5+ Kg7 27. Qxe5 Qd7
28. Re1 c6 29. Be6 Qe7 30. g4 Qc5+ 31. Qxc5 bxc5 32. f5 gxf5 33. Bxf5 h5 34. h3
hxg4 35. hxg4 Rb8 36. Re3 Kh6 37. Kg2 a5 38. Kg3 Kg5 39. Bc2 Rd6 40. Re5+ Kf6
41. Rxc5 Rd2 42. Rxc6+ Kg7 43. Bf5 Rxb3+ 44. Kf4 Rf2+ 45. Kg5 Rxa3 46. Rc7+ Kf8
47. Kf6 Re3 48. Rh7 Kg8 49. Ra7 Re8 50. Rxa5 Rf8+ 51. Kg6 Re2 52. Ra7 Re5 53. c5
Rd8 54. Rc7 Re1 55. c6 Rd6+ 56. Kg5 Rc1 57. Rc8+ Kf7 58. Rc7+ Kf8 59. Rc8+ 1/2-1/2